00358nam a2200145Ia 4500008004100000020001800041082000800059100002000067245001800087250000600105260004700111300001200158500002400170650001800194230524s9999 xx 000 0 und d a9788172234980 bCOE a"Coelho, Paulo" 4aThe Alchemist a1 a"Bloomsbury, London"bHarper Collinsc1988 ax;161p. aQuantity Number: 3 aMiscellaneous